000 00919nam a2200289 i 4500
003 EG-GICUC
005 20260429090945.0
008 260429s1963 fr |||fr|||| 00| 0 fre d
040 _aEG-GiCUC
_bfre
_cEG-GiCUC
_dEG-GiCUC
_eRda
041 _afre
082 0 4 _221
_a343.324
_bGR . P
092 0 4 _221
099 _aLaw1 10 343.324 GR . P 1963
100 1 _aGramatica, Filippo.
_eAuteur
245 1 0 _aPrincipes De Defense Sociale /
_cFilippo Gramatica ; Préface de Marc Ancel.
264 1 _aParis :
_bCujas,
_c1963.
300 _a312 page ;
_c 24 cm.
336 _2rda contenu
_a texte
337 _2rda medias
_aOrdinateur
338 _2 transporteur rda
_a Ressource en ligne
546 _aTexte en français
650 1 4 _aSystème de mouvement de défense sociale
_2qrmak
651 1 _2qrmak
856 4 0 _uhttps://fll.law.cu.edu.eg/fulltext/bks/B10-11770.pdf
905 _a161
942 _2ddc
_cBK
_e21
_n0
999 _c74035
_d74035